000 00698nam a2200241 a 4500
003 DO-SdBNP
005 20250114110302.0
007 ta
008 250114e2023 dr a|||gr|||| 001 e spa d
020 _a9789945183955
040 _aDO-SdBNP
_bspa
_cBNPHU
_erda
082 4 _axxx
_bT161
_222
100 _958658
_aSuárez García, Sharoky
_eautor
245 1 0 _aTanamá Sakura /
_cSharoky Suárez García
264 _aOrlando, Florida :
_bEditora no Identificada,
_c2024
300 _a64 páginas ;
_c22 cm.
336 _ardacontent
_btexto
_2txt
337 _ardamedia
_bsin mediación
_2n
338 _ardacarrier
_bvolumen
_2nc
590 _aInventariado 2024/DG
910 _aDG
942 _2ddc
_cLBS1
999 _c58042
_d58042